000 00605nam a2200229Ia 4500
003 OSt
005 20220918183210.0
006 a|||||r|||| 00| 0
007 ta
008 220917b |||||||| |||| 00| 0 eng d
024 _a36,722
037 _cTextual
040 _aARTS
_cARTS
_beng
041 _2eng
_aeng
082 _aO121:1G65:1, 111G3
100 _aDante A
_962237
245 0 _aDivine comedy tr by Henry F Cary and ill by Gustava Dore
260 _c1933
650 _aENGLISH LITERATURE
942 _hO121:1G65:1, 111G3
_cTEXL
_2CC
999 _c171830
_d171830